|
|
|
|
| LEADER |
00877nam a2200229 a 4500 |
| 001 |
12215749 |
| 008 |
090730s2001 mnu 000 1 eng d |
| 010 |
|
|
|a 00012142
|
| 020 |
|
|
|a 0764223941 (pbk.)
|
| 040 |
|
|
|a DLC
|c DLC
|d DLC
|
| 082 |
0 |
0 |
|a 823/.92
|2 21
|
| 100 |
1 |
|
|a Winterbourn, Sally Brice.
|
| 245 |
1 |
0 |
|a Autumn return /
|c Sally Brice Winterbourn.
|
| 260 |
|
|
|a Minneapolis, Minn. :
|b Bethany House, c2001.
|
| 300 |
|
|
|a 271 p. ;
|c 22 cm.
|
| 541 |
1 |
|
|e 00015652
|
| 651 |
|
0 |
|a Cornwall (England : County)
|v Fiction.
|
| 650 |
|
0 |
|a Middle-aged women
|v Fiction.
|
| 650 |
|
0 |
|a Home ownership
|v Fiction.
|
| 852 |
4 |
|
|a Ayesha Abed Library
|j General Shelf.
|
| 999 |
|
|
|c 3095
|d 3095
|
| 952 |
|
|
|0 0
|1 0
|2 ddc
|4 0
|6 823_920000000000000_WIN
|7 0
|9 2808
|a BRACUL
|b BRACUL
|c GEN
|d 2009-08-30
|g 0.00
|l 12
|m 44
|o 823.92 WIN
|p 3010015652
|r 2025-10-12
|s 2025-05-13
|t 1
|w 2009-08-30
|y BK
|x No price found in the accession register.
|